[Event "ICS rated standard match"]
[Site "204.178.125.65"]
[Date "2001.01.23"]
[Round "?"]
[White "ChesterX"]
[Black "Hossa"]
[Result "1/2-1/2"]
[WhiteElo "2467"]
[BlackElo "2314"]
[PlyCount "300"]
[EventDate "2001.??.??"]

1. d4 d6 2. c4 Nf6 3. Nc3 g6 4. Nf3 Bg7 5. g3 O-O 6. Bg2 Na6 7. O-O c5 8. d5 e5
9. dxe6 fxe6 10. Bg5 Qb6 11. Qd2 Bd7 12. Rab1 Ne8 13. Bh6 Qb4 14. Bxg7 Kxg7 15.
Qd3 Qb6 16. Ne5 Qc7 17. Nxd7 Qxd7 18. a3 Rd8 19. Nb5 b6 20. Rbd1 Nb8 21. Qc3+
Kg8 22. Qe3 Qe7 23. b3 a6 24. Nc3 Ng7 25. Nd5 Qa7 26. Nf4 Rf6 27. g4 Qd7 28.
Qe4 Rf7 29. Rd3 Qe7 30. Rfd1 b5 31. R3d2 Rdf8 32. e3 g5 33. Nh3 bxc4 34. Rxd6
cxb3 35. Qc4 b2 36. R6d2 Nd7 37. Rxb2 Ne5 38. Qe4 Qf6 39. Rc2 Rc7 40. Rcd2 h6
41. Rd6 Ra7 42. a4 Ne8 43. Rb6 Nc7 44. Kh1 a5 45. Rd2 Kh8 46. Qc2 Na6 47. Rdd6
Nb4 48. Qe4 Re7 49. Rb5 Rd7 50. Rxd7 Nxd7 51. Rxa5 Rf7 52. Kg1 Nd5 53. Qb1 Kg7
54. Qd1 Nc3 55. Qf1 Ne5 56. Rxc5 Nxa4 57. Rc1 Nf3+ 58. Kh1 Nc3 59. Qc4 Nd5 60.
e4 Ne7 61. Qe2 Ng6 62. Rd1 Ngh4 63. Ng1 Nd4 64. Qe3 e5 65. Rf1 Kg8 66. Ne2 Nxg2
67. Kxg2 Qe6 68. h3 Qc4 69. Ng3 Rf3 70. Rc1 Qa2 71. Rc8+ Kf7 72. Qe1 Qa3 73.
Rh8 Kg6 74. Rg8+ Kh7 75. Rc8 Ne6 76. Qd1 Rf7 77. f3 Nf4+ 78. Kh2 Qe3 79. Rc2
Qb3 80. Nf5 Qa4 81. Rd2 Qxd1 82. Rxd1 Rc7 83. Rd2 Rc6 84. Kg3 Rc1 85. h4 gxh4+
86. Nxh4 Rg1+ 87. Kf2 Nh3+ 88. Ke3 Re1+ 89. Re2 Ra1 90. Rc2 Ra3+ 91. Kd2 Ng1
92. Rc7+ Kg8 93. Rc3 Rxc3 94. Kxc3 Kf7 95. Kd2 Kf6 96. Ke3 Nh3 97. Nf5 Kg5 98.
Ne7 Nf4 99. Nd5 h5 100. gxh5 Nxh5 101. Kd3 Ng7 102. Nb6 Kf4 103. Ke2 Ne6 104.
Kf2 Nd4 105. Nd5+ Kg5 106. Ke3 Nc2+ 107. Ke2 Nd4+ 108. Kf2 Nc2 109. Ne3 Nd4
110. Ng2 Ne6 111. Ne1 Nf4 112. Ke3 Kf6 113. Nd3 Ng6 114. Ke2 Ne7 115. Ne1 Ng6
116. Ng2 Ke6 117. Kd3 Kd6 118. Ne3 Nf4+ 119. Kc4 Ke6 120. Nf5 Ng2 121. Kd3 Nf4+
122. Kd2 Kf6 123. Nd6 Ke6 124. Nc4 Kf6 125. Nb6 Ke6 126. Ke1 Kd6 127. Nc4+ Ke6
128. Kd1 Kf6 129. Kd2 Ke6 130. Ke3 Ng2+ 131. Kf2 Nf4 132. Kg3 Kf6 133. Kf2 Ke6
134. Ke1 Nd3+ 135. Ke2 Nf4+ 136. Kf2 Nd3+ 137. Kg3 Nf4 138. Ne3 Nh5+ 139. Kh2
Nf4 140. Nc4 Kf6 141. Kg1 Ke6 142. Kf1 Kf6 143. Ne3 Ke7 144. Kf2 Nh3+ 145. Kg3
Nf4 146. Nf5+ Kf6 147. Kh4 Ng2+ 148. Kg4 Ke6 149. Kh3 Nf4+ 150. Kg4 Ng2 {
Game drawn by the 50 move rule} 1/2-1/2

[Event "ICS rated blitz match"]
[Site "204.178.125.65"]
[Date "2001.01.23"]
[Round "?"]
[White "Hossa"]
[Black "krahs2"]
[Result "1-0"]
[WhiteElo "2527"]
[BlackElo "2031"]
[PlyCount "59"]
[EventDate "2001.??.??"]

1. e4 e5 2. Nf3 Nc6 3. Bc4 Bc5 4. c3 Nf6 5. d4 exd4 6. O-O d5 7. exd5 Nxd5 8.
cxd4 Bb6 9. Re1+ Be6 10. Bg5 Nce7 11. Nc3 h6 12. Nxd5 hxg5 13. Nxb6 axb6 14.
Bxe6 fxe6 15. Nxg5 Qd6 16. h3 O-O-O 17. Nf7 Qf4 18. Nxh8 Rxh8 19. Rxe6 Nd5 20.
Qa4 Kb8 21. Re8+ Rxe8 22. Qxe8+ Ka7 23. Rd1 c6 24. a4 Qf5 25. Re1 Qc2 26. Qf8
Qxa4 27. Qxg7 Qb4 28. Ra1+ Kb8 29. Qe5+ Kc8 30. Ra8+ {krahs2 resigns} 1-0

[Event "ICS Rated standard match"]
[Site "204.178.125.65"]
[Date "2001.01.23"]
[Round "?"]
[White "PostModernist"]
[Black "Hossa"]
[Result "1-0"]
[WhiteElo "2354"]
[BlackElo "2321"]
[PlyCount "233"]
[EventDate "2001.??.??"]

1. d4 d5 2. Nf3 Nf6 3. e3 e6 4. c4 c5 5. Nc3 Nc6 6. cxd5 exd5 7. Be2 cxd4 8.
Nxd4 Bd6 9. O-O a6 10. b3 O-O 11. Bb2 Nxd4 12. Qxd4 Be6 13. Rfd1 Qb8 14. Qh4
Be5 15. f4 Bxc3 16. Bxc3 Ne4 17. Bb2 Qd8 18. Qxd8 Rfxd8 19. Rac1 Rdc8 20. g4
Rxc1 21. Rxc1 Rc8 22. Rxc8+ Bxc8 23. a4 Nd2 24. b4 Bd7 25. a5 Ba4 26. g5 Bc2
27. h4 Be4 28. Kf2 Kf8 29. Bc3 Nc4 30. Bg4 Nd6 31. Be5 Nf5 32. h5 g6 33. h6 Ke7
34. Bf6+ Kd7 35. Be2 Nd6 36. Bd1 Nc4 37. Bd4 Kd6 38. Ba4 Ke6 39. Ke2 Bb1 40.
Bd1 Bf5 41. Kf2 Kd6 42. Kg3 Ke7 43. Kf3 Bd3 44. Kf2 Kd7 45. Kg3 Kc6 46. Ba4+
Kd6 47. Kf3 Nd2+ 48. Kg2 Ke6 49. Bd1 Kd7 50. Kg3 Kc8 51. Ba4 Bf5 52. Kg2 Nc4
53. Kf2 Be4 54. Bf6 Kc7 55. Be8 Nd6 56. Be5 Kd8 57. Ba4 Ke7 58. Ke2 Nc4 59. Bc3
Bf5 60. Bd4 Ke6 61. Bb3 Nd6 62. Be5 Ne4 63. Bg7 Kd6 64. Bh8 Kc6 65. Be5 Be6 66.
Ba4+ b5 67. axb6+ Kxb6 68. Kd3 a5 69. Bd4+ Ka6 70. b5+ Kb7 71. Kc2 Bf5 72. Kb2
Kc7 73. Ka3 Nd2 74. Bd1 Nc4+ 75. Ka4 Kd6 76. Bb3 Nd2 77. Ba2 Nc4 78. Bxc4 dxc4
79. Kxa5 Kc7 80. Ka6 Bc8+ 81. Ka7 Bb7 82. b6+ Kc8 83. Bc3 Bf3 84. Bd2 Bb7 85.
Bb4 Bd5 86. Ka6 Be4 87. Bc3 Kb8 88. Bd4 Bc6 89. Ka5 Bg2 90. Kb5 Bd5 91. Kc5 Be6
92. Kc6 Bc8 93. Kb5 Be6 94. e4 Kb7 95. Kc5 Ka6 96. Kd6 Bc8 97. Ke7 c3 98. Kxf7
c2 99. Be3 Bb7 100. Kg8 Kb5 101. Kxh7 Kc4 102. Kxg6 Kd3 103. Bc1 Ke2 104. e5
Kd1 105. Ba3 Kd2 106. h7 Be4+ 107. Kg7 Kc3 108. h8=Q Kb3 109. Qh3+ Kc4 110. Qe3
Bb7 111. e6 Kd5 112. e7 c1=Q 113. Qd3+ Kc6 114. e8=Q+ Kxb6 115. Qd4+ Qc5 116.
Bxc5+ Ka5 117. Qea4# {Hossa checkmated} 1-0

[Event "ICS rated blitz match"]
[Site "204.178.125.65"]
[Date "2001.01.23"]
[Round "?"]
[White "GSG"]
[Black "Hossa"]
[Result "0-1"]
[WhiteElo "2067"]
[BlackElo "2529"]
[PlyCount "54"]
[EventDate "2001.??.??"]

1. d4 d5 2. Nf3 Nf6 3. e3 c6 4. Bd3 Bg4 5. h3 Bxf3 6. Qxf3 e6 7. c3 Bd6 8. Nd2
Nbd7 9. g4 e5 10. Qg2 Nb6 11. g5 Nfd7 12. Bf5 Qe7 13. h4 c5 14. Nb3 cxd4 15.
cxd4 exd4 16. Nxd4 Bb4+ 17. Kf1 O-O 18. a3 Bd6 19. h5 Nc5 20. g6 fxg6 21. hxg6
h6 22. Qg4 Qf6 23. Bd2 Be5 24. Bc3 Nba4 25. Ne6 Qxf5 26. Qxf5 Rxf5 27. Bxe5
Nxe6 {GSG resigns} 0-1

[Event "ICS rated blitz match"]
[Site "204.178.125.65"]
[Date "2001.01.23"]
[Round "?"]
[White "Tupock"]
[Black "Hossa"]
[Result "1-0"]
[WhiteElo "2032"]
[BlackElo "2531"]
[PlyCount "63"]
[EventDate "2001.??.??"]

1. d4 d5 2. e4 dxe4 3. Nc3 Nf6 4. f3 exf3 5. Nxf3 e6 6. Bd3 Be7 7. O-O Nc6 8.
Kh1 O-O 9. Bg5 Bd7 10. Qe1 Nb4 11. Rd1 c6 12. Qh4 Nxd3 13. Rxd3 Qc7 14. Ne5
Rfc8 15. Rh3 Be8 16. Ne4 h5 17. Nxf6+ Bxf6 18. Rxf6 Qa5 19. Rf1 Qa6 20. c4 f5
21. Bf6 Qxa2 22. Qg5 Rc7 23. Rg3 h4 24. Qxh4 Bh5 25. Qxh5 Qxc4 26. Nxc4 Rac8
27. Nd6 Rd7 28. Nxc8 Rf7 29. Ne7+ Rxe7 30. Bxe7 b6 31. Qe8+ Kh7 32. Rh3# {
Hossa checkmated} 1-0

[Event "ICS rated blitz match"]
[Site "204.178.125.65"]
[Date "2001.01.23"]
[Round "?"]
[White "Hossa"]
[Black "Guinness"]
[Result "1-0"]
[WhiteElo "2501"]
[BlackElo "2146"]
[PlyCount "25"]
[EventDate "2001.??.??"]

1. e4 d5 2. exd5 Nf6 3. d4 Bg4 4. Nf3 Qxd5 5. Be2 Nc6 6. c4 Qf5 7. O-O O-O-O 8.
Be3 e6 9. h3 Bxf3 10. Bxf3 h5 11. Bxc6 bxc6 12. Qa4 Kb8 13. d5 {
Guinness resigns} 1-0

[Event "ICS rated blitz match"]
[Site "204.178.125.65"]
[Date "2001.01.23"]
[Round "?"]
[White "Hossa"]
[Black "rparkes"]
[Result "1-0"]
[WhiteElo "2493"]
[BlackElo "2042"]
[PlyCount "43"]
[EventDate "2001.??.??"]

1. e4 e6 2. d4 d5 3. Nd2 Bb4 4. c3 Be7 5. Nh3 dxe4 6. Nxe4 Nf6 7. Nxf6+ Bxf6 8.
Bd3 O-O 9. Qc2 h6 10. O-O b6 11. Bh7+ Kh8 12. Nf4 Bb7 13. Be4 Bxe4 14. Qxe4 Nd7
15. Re1 c5 16. d5 exd5 17. Qxd5 Qc7 18. Qh5 Ne5 19. Nd5 Qd6 20. Nxf6 gxf6 21.
Bxh6 Ng6 22. Bxf8+ {rparkes resigns} 1-0

[Event "ICS rated standard match"]
[Site "204.178.125.65"]
[Date "2001.01.23"]
[Round "?"]
[White "squasher"]
[Black "Hossa"]
[Result "0-1"]
[WhiteElo "2109"]
[BlackElo "2307"]
[PlyCount "78"]
[EventDate "2001.??.??"]

1. e4 c5 2. c3 d5 3. exd5 Qxd5 4. d4 Nf6 5. dxc5 Qxd1+ 6. Kxd1 Nc6 7. f3 Bf5 8.
b4 O-O-O+ 9. Bd2 Ne5 10. Na3 Bd3 11. Ne2 e6 12. Nd4 Bxf1 13. Rxf1 Nd5 14. Kc2
a5 15. Rfe1 Ng6 16. Nab5 Be7 17. a3 Kb8 18. c4 Nc7 19. Bc3 Bf6 20. Rad1 Nxb5
21. cxb5 axb4 22. axb4 Nf4 23. g3 Nd5 24. Re4 Nxc3 25. Kxc3 e5 26. Nc6+ bxc6
27. Rxd8+ Rxd8 28. bxc6 Rd5 29. Kc4 Rd2 30. h4 Rc2+ 31. Kb3 Rc1 32. Rc4 Rf1 33.
b5 Rxf3+ 34. Kb4 Rxg3 35. b6 Rh3 36. Kb5 Rxh4 37. c7+ Kb7 38. c6+ Kc8 39. Rxh4
Bxh4 {squasher resigns} 0-1

[Event "ICS rated blitz match"]
[Site "204.178.125.65"]
[Date "2001.01.23"]
[Round "?"]
[White "Hossa"]
[Black "GSG"]
[Result "1-0"]
[WhiteElo "2495"]
[BlackElo "2051"]
[PlyCount "49"]
[EventDate "2001.??.??"]

1. e4 c5 2. Nf3 d6 3. d4 cxd4 4. Nxd4 Nf6 5. Nc3 a6 6. a4 Nc6 7. Bc4 e6 8. O-O
Qc7 9. Nxc6 Qxc6 10. Qd3 Be7 11. Bb5 axb5 12. axb5 Qc7 13. Rxa8 O-O 14. Bg5 h6
15. Bh4 Nh5 16. b6 Qd7 17. Bxe7 Qxe7 18. Rd1 Nf4 19. Qxd6 Qg5 20. g3 e5 21. h4
Qg4 22. Qxe5 Ne2+ 23. Nxe2 Qxe2 24. Rf1 Qxc2 25. Qc7 {GSG resigns} 1-0

[Event "ICS rated blitz match"]
[Site "204.178.125.65"]
[Date "2001.01.23"]
[Round "?"]
[White "tobalina"]
[Black "Hossa"]
[Result "0-1"]
[WhiteElo "2302"]
[BlackElo "2497"]
[PlyCount "60"]
[EventDate "2001.??.??"]

1. e4 c5 2. Nf3 d6 3. d4 cxd4 4. Nxd4 Nf6 5. Nc3 a6 6. g3 e6 7. Nde2 Be7 8. Bg2
O-O 9. O-O Nc6 10. h3 Bd7 11. b3 Qc7 12. Be3 b6 13. Qd2 Ne5 14. f4 Nc6 15. Nd4
Rac8 16. Na4 Nxd4 17. Bxd4 Bxa4 18. bxa4 e5 19. Be3 Nh5 20. Kh2 exf4 21. gxf4
Bh4 22. Rfc1 Rfe8 23. Qd4 Bg3+ 24. Kh1 Bxf4 25. Bf3 Ng3+ 26. Kg2 Nf5 27. exf5
Bxe3 28. Qd3 Bxc1 29. Rxc1 Qe7 30. Qxa6 Qg5+ {tobalina resigns} 0-1

[Event "ICS rated blitz match"]
[Site "204.178.125.65"]
[Date "2001.01.23"]
[Round "?"]
[White "Hossa"]
[Black "tobalina"]
[Result "1-0"]
[WhiteElo "2505"]
[BlackElo "2294"]
[PlyCount "115"]
[EventDate "2001.??.??"]

1. d4 Nf6 2. c4 c5 3. Nf3 e6 4. Nc3 cxd4 5. Nxd4 a6 6. e4 d6 7. Bd3 Be7 8. O-O
Bd7 9. Qb3 Nc6 10. Nf3 Qc7 11. Be3 O-O 12. Bb6 Qc8 13. Rfd1 Be8 14. Ne2 Nd7 15.
Be3 Nf6 16. Ng3 Bd7 17. Bb6 Be8 18. Qc2 Nd7 19. Be3 Nde5 20. Nxe5 Nxe5 21. Be2
b5 22. Rd4 bxc4 23. f4 Nd3 24. Rxc4 Nc5 25. e5 Bb5 26. exd6 Bxd6 27. Rc3 Bxe2
28. Nxe2 Qb7 29. Bxc5 Bxc5+ 30. Rxc5 g6 31. Qb3 Qe4 32. Re5 Qc6 33. Nd4 Qc7 34.
Qc3 Qb6 35. Rc5 Rad8 36. Nc6 Rd7 37. Qb4 Qxb4 38. Nxb4 Rb8 39. a3 a5 40. Rxa5
Rd2 41. Rb1 Re2 42. b3 Rd8 43. Nc6 Rdd2 44. Rg5 h6 45. Rg3 Rc2 46. Nd4 Rb2 47.
Nxe2 Rxb1+ 48. Kf2 Ra1 49. a4 Kg7 50. Nc3 Kf6 51. b4 e5 52. Rf3 exf4 53. Rxf4+
Ke6 54. Ke3 f6 55. Re4+ Kd6 56. Kd4 f5 57. Re5 Rd1+ 58. Nxd1 {tobalina resigns}
1-0

[Event "ICS rated blitz match"]
[Site "204.178.125.65"]
[Date "2001.01.23"]
[Round "?"]
[White "tobalina"]
[Black "Hossa"]
[Result "0-1"]
[WhiteElo "2287"]
[BlackElo "2512"]
[PlyCount "110"]
[EventDate "2001.??.??"]

1. e4 c5 2. Nf3 d6 3. d4 cxd4 4. Nxd4 Nf6 5. g3 Nxe4 6. Bg2 Qa5+ 7. c3 Nf6 8.
O-O e5 9. Ne2 d5 10. Nd2 Bg4 11. Nb3 Qb5 12. Re1 Be7 13. h3 Be6 14. a4 Qd7 15.
Be3 Bxh3 16. Nc5 Bxc5 17. Bxc5 Bxg2 18. Kxg2 Na6 19. Ba3 O-O-O 20. Nc1 Rde8 21.
Nd3 Qf5 22. Nc5 Nxc5 23. Bxc5 b6 24. Be3 h5 25. a5 h4 26. Rh1 Qe4+ 27. Qf3 h3+
28. Rxh3 Qxf3+ 29. Kxf3 Rxh3 30. axb6 axb6 31. Bxb6 Kb7 32. Be3 Ra8 33. Rd1
Rah8 34. Ra1 Nd7 35. Ra7+ Kc6 36. Ra6+ Kb5 37. Ra7 Rd8 38. b3 Rh1 39. Kg2 Rb1
40. c4+ dxc4 41. bxc4+ Kxc4 42. Rc7+ Kd5 43. Ra7 Rd1 44. Ra5+ Ke6 45. Ra6+ Rd6
46. Ra7 Nf6 47. Kf3 e4+ 48. Kg2 Rd3 49. Ra6+ Kf5 50. Ra5+ Nd5 51. Bc5 Rc8 52.
g4+ Kxg4 53. Bd6 Ne3+ 54. Kh2 Rh8+ 55. Kg1 Rd1# {tobalina checkmated} 0-1

[Event "ICS rated blitz match"]
[Site "204.178.125.65"]
[Date "2001.01.23"]
[Round "?"]
[White "Hossa"]
[Black "tobalina"]
[Result "1-0"]
[WhiteElo "2519"]
[BlackElo "2280"]
[PlyCount "45"]
[EventDate "2001.??.??"]

1. d4 Nf6 2. c4 c5 3. Nf3 cxd4 4. Nxd4 d5 5. cxd5 Nxd5 6. e4 Nf6 7. Bb5+ Bd7 8.
Qf3 e5 9. Bxd7+ Nbxd7 10. Nb3 Be7 11. O-O O-O 12. Be3 h6 13. Nc3 b6 14. Rfd1
Rc8 15. Rac1 Qe8 16. Nd5 Nxd5 17. Rxd5 Bf6 18. Bxh6 gxh6 19. Rcd1 Nc5 20. Nxc5
bxc5 21. Qxf6 Rc6 22. Rd6 Rxd6 23. Rxd6 {tobalina resigns} 1-0

[Event "ICS rated blitz match"]
[Site "204.178.125.65"]
[Date "2001.01.23"]
[Round "?"]
[White "tobalina"]
[Black "Hossa"]
[Result "0-1"]
[WhiteElo "2274"]
[BlackElo "2525"]
[PlyCount "60"]
[EventDate "2001.??.??"]

1. e4 c5 2. Nf3 d6 3. d4 cxd4 4. Nxd4 Nf6 5. Nc3 a6 6. g3 e6 7. Bg2 Be7 8. O-O
O-O 9. Nde2 Nc6 10. h3 Bd7 11. Be3 Ne5 12. a4 Nc4 13. Bc1 Qc7 14. b3 Ne5 15. f4
Nc6 16. Kh2 Rac8 17. Bb2 b6 18. Rc1 Be8 19. g4 Nd7 20. g5 f6 21. h4 fxg5 22.
hxg5 Bh5 23. Bh3 Nc5 24. Qd2 Bg6 25. f5 Bh5 26. f6 gxf6 27. gxf6 Bxf6 28. Rg1+
Kh8 29. Nf4 Nd4 30. Nce2 Nf3+ {tobalina resigns} 0-1

[Event "ICS rated blitz match"]
[Site "204.178.125.65"]
[Date "2001.01.23"]
[Round "?"]
[White "Hossa"]
[Black "rparkes"]
[Result "1-0"]
[WhiteElo "2531"]
[BlackElo "1981"]
[PlyCount "51"]
[EventDate "2001.??.??"]

1. e4 e6 2. d4 d5 3. Nd2 Nf6 4. e5 Nfd7 5. Bd3 c5 6. c3 Nc6 7. Ne2 Be7 8. O-O
cxd4 9. cxd4 O-O 10. Nf3 f5 11. Be3 Nb6 12. b3 Nb4 13. Bb1 Bd7 14. a3 Nc6 15.
Qd2 Rc8 16. Bc2 Na5 17. Rfc1 Nc6 18. Ng5 Bxg5 19. Bxg5 Qe8 20. Bd3 Qh5 21. Rc5
h6 22. Be3 f4 23. Nxf4 Qg4 24. f3 Qh4 25. Ng6 Qxd4 26. Bxd4 {rparkes resigns}
1-0

[Event "ICS rated blitz match"]
[Site "204.178.125.65"]
[Date "2001.01.23"]
[Round "?"]
[White "Hossa"]
[Black "Guinness"]
[Result "1-0"]
[WhiteElo "2532"]
[BlackElo "2136"]
[PlyCount "109"]
[EventDate "2001.??.??"]

1. e4 c6 2. d4 d5 3. exd5 cxd5 4. Bd3 Nf6 5. c3 Nc6 6. Nf3 Bg4 7. h3 Bh5 8. Bf4
e6 9. O-O Be7 10. Nbd2 O-O 11. Qc2 Bg6 12. Bxg6 hxg6 13. Rfe1 Rc8 14. Nb3 a6
15. Qd3 b5 16. Ne5 Nxe5 17. Bxe5 Nd7 18. Bf4 Qb6 19. Rac1 Bd6 20. Qg3 Bxf4 21.
Qxf4 b4 22. Re3 bxc3 23. Rexc3 Rxc3 24. Rxc3 Rd8 25. Rc1 Nf6 26. Qc7 Rb8 27.
Qxb6 Rxb6 28. f3 a5 29. Rc8+ Kh7 30. Ra8 a4 31. Rxa4 g5 32. Ra8 Nh5 33. Rc8 Nf4
34. Rc2 Rb4 35. Kh2 Ng6 36. Rc7 Kg8 37. Rc8+ Kh7 38. g3 Ne7 39. Rc7 Nf5 40.
Rxf7 Kg6 41. Rc7 Nxd4 42. Nxd4 Rxd4 43. Rc2 e5 44. Kg1 Kf5 45. Kf2 Rd1 46. b3
d4 47. Rb2 e4 48. fxe4+ Kxe4 49. b4 Ra1 50. b5 Rc1 51. b6 Rc8 52. b7 Rb8 53. a4
Kd5 54. a5 Kc6 55. a6 {Guinness resigns} 1-0

[Event "ICS rated blitz match"]
[Site "204.178.125.65"]
[Date "2001.01.23"]
[Round "?"]
[White "Guinness"]
[Black "Hossa"]
[Result "1/2-1/2"]
[WhiteElo "2133"]
[BlackElo "2535"]
[PlyCount "22"]
[EventDate "2001.??.??"]

1. d4 d5 2. Nf3 Nf6 3. Bf4 c5 4. e3 Qb6 5. Nc3 Qxb2 6. Nb5 Na6 7. Rb1 Qxa2 8.
Ra1 Qb2 9. Rb1 (9. Rxa6 bxa6 10. Nc7+ Kd8 11. Nxa8 $18) 9... Qa2 10. Ra1 Qb2
11. Rb1 Qa2 {Game drawn by repetition} 1/2-1/2

[Event "ICS rated blitz match"]
[Site "204.178.125.65"]
[Date "2001.01.23"]
[Round "?"]
[White "Hossa"]
[Black "Guinness"]
[Result "1-0"]
[WhiteElo "2528"]
[BlackElo "2151"]
[PlyCount "123"]
[EventDate "2001.??.??"]

1. e4 c6 2. d4 d5 3. exd5 cxd5 4. Bd3 Nf6 5. c3 Nc6 6. Nf3 Bg4 7. h3 Bh5 8. O-O
e6 9. Be3 Be7 10. Nbd2 O-O 11. Qc2 Bg6 12. Bxg6 hxg6 13. Nb3 a6 14. Bf4 Bd6 15.
Bxd6 Qxd6 16. Nc5 b6 17. Nd3 Rab8 18. Nde5 Rfc8 19. Qe2 b5 20. Ng5 Rb7 21. a4
Nxe5 22. dxe5 Qd7 23. exf6 gxf6 24. Nf3 b4 25. Qxa6 bxc3 26. bxc3 Rxc3 27. Rab1
Rcb3 28. Rxb3 Rxb3 29. Rc1 Qb7 30. Qxb7 Rxb7 31. a5 Ra7 32. Ra1 e5 33. a6 Kf8
34. Kf1 Ke7 35. Ke2 Kd6 36. g3 Kc6 37. Ra5 d4 38. Nd2 Kb6 39. Nc4+ Kc6 40. Kd3
Kd7 41. f4 exf4 42. gxf4 Ke6 43. Kxd4 Kd7 44. Nb6+ Kc6 45. Nd5 f5 46. Ke5 Kd7
47. Kf6 Kc6 48. Kg7 Kd6 49. Nb6 Kc6 50. Nc4 Kd7 51. Kxf7 Kc6+ 52. Kxg6 Ra8 53.
Kxf5 Rf8+ 54. Ke4 Re8+ 55. Kf3 Rf8 56. a7 Ra8 57. f5 Kb7 58. f6 Rxa7 59. Rxa7+
Kxa7 60. f7 Kb7 61. f8=Q Kc6 62. Qd6+ {Guinness resigns} 1-0

[Event "ICS rated blitz match"]
[Site "204.178.125.65"]
[Date "2001.01.23"]
[Round "?"]
[White "Guinness"]
[Black "Hossa"]
[Result "0-1"]
[WhiteElo "2148"]
[BlackElo "2531"]
[PlyCount "111"]
[EventDate "2001.??.??"]

1. d4 Nf6 2. Nf3 d5 3. Bf4 e6 4. e3 Bd6 5. Bg3 Bxg3 6. hxg3 Nbd7 7. Nbd2 c5 8.
c3 cxd4 9. cxd4 Qb6 10. Qb3 Qxb3 11. Nxb3 Nb6 12. Rc1 Bd7 13. Ne5 Rc8 14. Rxc8+
Nxc8 15. Bd3 Nd6 16. f3 Bb5 17. Bxb5+ Nxb5 18. Kd2 Nd6 19. g4 Nd7 20. Nxd7 Kxd7
21. Nc5+ Ke7 22. Nd3 Kf6 23. Rc1 Rc8 24. Rxc8 Nxc8 25. Nc5 Nd6 26. Nd7+ Ke7 27.
Nc5 b6 28. Nd3 f6 29. g3 Kd7 30. b3 g5 31. Kc3 a6 32. a3 Kc6 33. Nb4+ Kb7 34.
Nd3 f5 35. gxf5 Nxf5 36. g4 Nxe3 37. Ne5 Nd1+ 38. Kd3 Nf2+ 39. Ke3 Nh3 40. Nf7
Kc7 41. b4 Kc6 42. a4 Kd7 43. Ne5+ Kd6 44. Nd3 Kc7 45. Ne5 Kd8 46. Nd3 Kc8 47.
Ne5 b5 48. Nd3 bxa4 49. Nc5 a3 50. Kd3 a2 51. Nb3 Ng1 52. Kc2 Nxf3 53. Kb2 e5
54. Kxa2 e4 55. Kb2 e3 56. Kc2 {Guinness resigns} 0-1

[Event "ICS rated blitz match"]
[Site "204.178.125.65"]
[Date "2001.01.23"]
[Round "?"]
[White "Hossa"]
[Black "ChesterX"]
[Result "1/2-1/2"]
[WhiteElo "2535"]
[BlackElo "2640"]
[PlyCount "145"]
[EventDate "2001.??.??"]

1. d4 Nf6 2. c4 e6 3. Nc3 Bb4 4. e3 O-O 5. Bd3 d5 6. Nf3 c5 7. O-O Nbd7 8. cxd5
exd5 9. Bd2 c4 10. Bc2 Nb6 11. a3 Be7 12. a4 Bg4 13. a5 Nc8 14. Re1 Nd6 15. e4
dxe4 16. Nxe4 Ndxe4 17. Bxe4 Nxe4 18. Rxe4 f5 19. Re6 Bf6 20. Bb4 Qd5 21. Bxf8
Qxe6 22. Bc5 Qd5 23. Ra3 Re8 24. Re3 Rxe3 25. fxe3 Kh8 26. h3 Bh5 27. Bxa7 Qxa5
28. Bb8 Qd5 29. Qf1 b5 30. Ne5 Qe4 31. Qf4 Qb1+ 32. Qf1 Qc2 33. Nd7 Be2 34. Qa1
Qe4 35. Bf4 Be7 36. Qa6 Qd5 37. Ne5 g5 38. Qa7 Bf6 39. Nf7+ Kg8 40. Nxg5 Bxg5
41. Bxg5 Qc6 42. Kf2 Bd3 43. Qe7 Qg6 44. Qd8+ Kf7 45. Qd7+ Kg8 46. Bf4 Be4 47.
g4 fxg4 48. Qxb5 gxh3 49. Qxc4+ Kg7 50. Qc7+ Kf6 51. Qd6+ Kf5 52. Qd7+ Qe6 53.
Qxh7+ Kg4 54. Qg7+ Bg6 55. Qc7 Qd5 56. Qd6 Qg2+ 57. Ke1 Be4 58. Qh6 Qh1+ 59.
Kd2 Qg2+ 60. Kc3 Qc2+ 61. Kb4 Qxb2+ 62. Kc4 Qc1+ 63. Kb5 Qb2+ 64. Ka6 Qa3+ 65.
Kb6 Qb4+ 66. Kc7 Qe7+ 67. Kc8 Qe8+ 68. Kc7 Qe7+ 69. Kc8 Qe8+ 70. Kc7 Qe7+ 71.
Kb6 Qb4+ 72. Kc7 Qe7+ 73. Kb6 {Game drawn by repetition} 1/2-1/2

[Event "ICS rated blitz match"]
[Site "204.178.125.65"]
[Date "2001.01.23"]
[Round "?"]
[White "PostModernist"]
[Black "Hossa"]
[Result "1-0"]
[WhiteElo "2601"]
[BlackElo "2540"]
[PlyCount "85"]
[EventDate "2001.??.??"]

1. d4 d6 2. c4 Nf6 3. Nf3 e6 4. Nc3 d5 5. e3 Be7 6. a3 dxc4 7. Bxc4 c5 8. O-O
cxd4 9. exd4 O-O 10. Bd3 Nc6 11. Bc4 Nb8 12. Bd3 Nc6 13. Bc4 Bd7 14. Bf4 Rc8
15. Qd3 Na5 16. b3 Bc6 17. Ne5 Bd6 18. Rfe1 Ng4 19. Qg3 Bxe5 20. dxe5 Nxc4 21.
bxc4 f5 22. h3 Nxf2 23. Qxf2 Qd3 24. Ne2 b6 25. Rec1 Qd7 26. c5 bxc5 27. Rxc5
Bb5 28. Rxc8 Rxc8 29. Nd4 Bc4 30. Qe3 Qb7 31. Rd1 a5 32. Qg3 Qb2 33. Kh2 a4 34.
Nc6 Qb7 35. Na5 Qa7 36. Nxc4 Rxc4 37. Rd8+ Kf7 38. Qh4 Qg1+ 39. Kxg1 Rc1+ 40.
Bxc1 Kg6 41. Qg5+ Kf7 42. Rd7+ Kf8 43. Qd8# {Hossa checkmated} 1-0

[Event "ICS rated standard match"]
[Site "204.178.125.65"]
[Date "2001.01.23"]
[Round "?"]
[White "Hossa"]
[Black "BrazilianMaster"]
[Result "0-1"]
[WhiteElo "2315"]
[BlackElo "2658"]
[PlyCount "98"]
[EventDate "2001.??.??"]

1. e4 e5 2. Nf3 d6 3. d4 exd4 4. Bc4 Nc6 5. Nxd4 g6 6. Nxc6 bxc6 7. O-O Bg7 8.
Nc3 Qe7 9. Qf3 Be5 10. Qd3 Nf6 11. f3 Nd7 12. Be3 O-O 13. Qd2 Nb6 14. Be2 Qh4
15. f4 Bg7 16. f5 Be5 17. Bf4 Bg7 18. g3 Qf6 19. Be3 Re8 20. fxg6 Qxg6 21. Qd1
Bxc3 22. Bh5 Qxe4 23. Bxf7+ Kg7 24. Bxb6 Bh3 25. Qf3 axb6 26. Qxc3+ Re5 27. Qd2
Bxf1 28. Rxf1 Rf8 29. Qf2 Re6 30. c3 h5 31. a3 Qe5 32. Qf3 Re7 33. Qxh5 Rfxf7
34. Qg4+ Kf8 35. Qc8+ Re8 36. Qh3 Qe3+ 37. Kh1 Rxf1+ 38. Qxf1+ Kg7 39. Qf4 Qxf4
40. gxf4 d5 41. Kg1 c5 42. h4 d4 43. Kf2 d3 44. Kf3 d2 45. f5 d1=Q+ 46. Kf4
Qf1+ 47. Kg3 Kf6 48. Kh2 Rg8 49. b3 Qg2# {Hossa checkmated} 0-1

[Event "ICS rated standard match"]
[Site "204.178.125.65"]
[Date "2001.01.23"]
[Round "?"]
[White "BrazilianMaster"]
[Black "Hossa"]
[Result "1-0"]
[WhiteElo "2662"]
[BlackElo "2311"]
[PlyCount "105"]
[EventDate "2001.??.??"]

1. Nf3 Nf6 2. d4 g6 3. c4 Bg7 4. Nc3 O-O 5. e4 d6 6. Be2 e5 7. Be3 Ng4 8. Bg5
f6 9. Bh4 Nc6 10. d5 Ne7 11. Nd2 f5 12. Bxg4 fxg4 13. Bg5 a6 14. O-O Kh8 15. f3
gxf3 16. Rxf3 h6 17. Be3 Ng8 18. c5 Nf6 19. h3 b6 20. cxb6 cxb6 21. a4 Rb8 22.
Qf1 Qe7 23. Nc4 b5 24. Na5 Bd7 25. axb5 axb5 26. Nc6 Bxc6 27. dxc6 b4 28. Ra7
Qe8 29. Nd5 Nxd5 30. Rxf8+ Qxf8 31. Qxf8+ Rxf8 32. exd5 Kh7 33. Rd7 Kg8 34. c7
Bf6 35. Rxd6 Be7 36. Rb6 Kg7 37. d6 Bxd6 38. Rxd6 Rc8 39. Bb6 Ra8 40. Kf2 Rc8
41. Ke3 h5 42. Ke4 Kf7 43. b3 g5 44. Kxe5 g4 45. hxg4 hxg4 46. Rd8 Rxc7 47.
Bxc7 Ke7 48. g3 Kf7 49. Rd7+ Kg6 50. Bd8 Kh5 51. Kf5 Kh6 52. Bg5+ Kh5 53. Rh7#
{Hossa checkmated} 1-0

[Event "ICS rated blitz match"]
[Site "204.178.125.65"]
[Date "2001.01.23"]
[Round "?"]
[White "WICKER-MAN"]
[Black "Hossa"]
[Result "0-1"]
[WhiteElo "2014"]
[BlackElo "2531"]
[PlyCount "35"]
[EventDate "2001.??.??"]

1. e4 e5 2. d4 exd4 3. c3 d5 4. exd5 Qxd5 5. cxd4 Nc6 6. Nf3 Bg4 7. Be2 O-O-O
8. O-O Nxd4 9. Nc3 Nxe2+ 10. Qxe2 Bxf3 11. gxf3 Qh5 12. Bf4 Bd6 13. Bg3 Kb8 14.
Rac1 Nh6 15. Nb5 Nf5 16. Qe4 Nxg3 17. fxg3 Qxb5 18. a4 {WICKER-MAN resigns} 0-1